Đang tải...
Insecticide biochemistry and physiology
| Tác giả chính: | |
|---|---|
| Định dạng: | Printed Book |
| Ngôn ngữ: | Undetermined English |
| Được phát hành: |
U S A
Pienum press
1976
|
| Những chủ đề: |
| LEADER | 00557nam a2200169Ia 4500 | ||
|---|---|---|---|
| 008 | 140306s9999 xx 000 0 und d | ||
| 041 | |a eng | ||
| 082 | |a 632.951 |b WIL | ||
| 100 | |a Wilkinson, C F | ||
| 245 | |a Insecticide biochemistry and physiology | ||
| 260 | |a U S A |b Pienum press |c 1976 | ||
| 300 | |a 770 | ||
| 650 | |a Insecticide-physiology | ||
| 650 | |a insecticides-toxicology | ||
| 942 | |2 ddc |c BK | ||
| 999 | |c 67152 |d 67152 | ||
| 952 | |0 0 |1 0 |2 ddc |4 0 |6 632_951000000000000_WIL |7 0 |9 73498 |a KAUACV |b KAUACV |d 2004-05-27 |o 632.951 WIL |p KAU_ACV-19931 |r 2014-03-22 |w 2014-03-22 |y BK | ||